Central Library OPAC University of Rajshahi

The use of mathematics in economics / (Record no. 60306)

MARC details
000 -LEADER
fixed length control field 00813nam a2200229 a 4500
001 - CONTROL NUMBER
control field 60306
003 - CONTROL NUMBER IDENTIFIER
rucl marc code BD-RjUL
005 - DATE AND TIME OF LATEST TRANSACTION
control field 20211209080826.0
008 - FIXED-LENGTH DATA ELEMENTS--GENERAL INFORMATION
fixed length control field 161229s1964 enka b 000 0 eng d
035 ## - SYSTEM CONTROL NUMBER
System control number (BD-RjUL)60430
040 ## - CATALOGING SOURCE
Original cataloging agency BD-RjUL
Language of cataloging eng
Transcribing agency BD-RjUL
041 ## - LANGUAGE CODE
Language code of text/sound track or separate title eng
082 ## - DEWEY DECIMAL CLASSIFICATION NUMBER
Edition number 23
Classification number 330.0151
Author mark and year NEU 1964
100 1# - MAIN ENTRY--PERSONAL NAME
Personal name Nemchinov, V. S.
Fuller form of name (Vasiliĭ Sergeevich),
Dates associated with a name 1894-1964.
9 (RLIN) 179470
245 14 - TITLE STATEMENT
Title The use of mathematics in economics /
Statement of responsibility, etc. Russian ed. edited by V. S. Nemchinov ; contributors: O. Lange ... [et al.] ; English ed. edited by A. Nove.
260 ## - PUBLICATION, DISTRIBUTION, ETC. (IMPRINT)
Place of publication, distribution, etc. Edinburgh ;
-- London :
Name of publisher, distributor, etc. Oliver & Boyd,
Date of publication, distribution, etc. 1964.
300 ## - PHYSICAL DESCRIPTION
Pagination xxi, 377 p. :
Illustrations ill. ;
Size 26 cm.
504 ## - BIBLIOGRAPHY, ETC. NOTE
Bibliography, etc Includes bibliography.
650 #0 - SUBJECT ADDED ENTRY--TOPICAL TERM
Topical term or geographic name as entry element Economics, Mathematical.
9 (RLIN) 172336
700 1# - ADDED ENTRY--PERSONAL NAME
Personal name Lange, Oskar.
Dates associated with a name 1904-1965.
942 ## - ADDED ENTRY ELEMENTS (KOHA)
Source of classification or shelving scheme Dewey Decimal Classification
Koha item type Books
Holdings
Lost status Source of classification or shelving scheme Damaged status Not for loan Collection code Permanent Location Current Location Shelving location Date acquired Source of acquisition Cost, normal purchase price Total Checkouts Full call number Date last seen Copy number Koha item type
  Dewey Decimal Classification   Not For Loan Non-fiction Central Library, University of Rajshahi Central Library, University of Rajshahi Reading Room 26/11/1965 Zeitlinger 105.00   330.0151 NEU 1964 29/12/2016 C-1 Books